Quizzes
Events
Quiz Creation
Community
Videos
Private Events
Remove Ads
Sign In
Join for FREE
Feedback
Dark Mode
Quiz Categories
Sports
Geography
Music
Movies
Television
Just For Fun
Miscellaneous
History
Literature
Language
Science
Gaming
Entertainment
Religion
Holiday
For Kids
Quiz Lab
Recent
Popular Today
Quiz Kudos Today
Editor Picks
Curator Picks
Quizzes by...
Day
Popularity
Type
Ratings
Length
Year
Community
Subscriptions
Recent Discussions
Orange Saloon
Badges
Playlists
Quests
Create
Leaderboards
Showdown
Live 5
Trivia Bingo
Activity
Puzzle Library
Sporcle Events
Private Events
Virtual Trivia
Globe League
Become a Host
Pub Owners
SporcleCon
Opinionation
Our Games
Videos
Blog
Mobile Apps
Partnerships
Remove Ads and Go Orange
Feedback
Holiday
Halloween
Christmas
Holiday Songs
April Fools'
Thanksgiving
Valentine's Day
Easter
St Patrick's Day
National Holiday
Religious Holiday
Holiday
Halloween
Christmas
Holiday Songs
April Fools'
Thanksgiving
Valentine's Day
Easter
St Patrick's Day
National Holiday
Religious Holiday
Random Quiz
Search Sporcle
×
Quiz Lab
Quiz Lab
Holiday
Board Games
Type answers that correspond to images
Type answers that correspond to images
Picture Box
Best Score? Go Orange.
Name The Purple Skull's TG Characters! Stats
Can you name the Purple Skull's Characters??
By
thepurpleskull
12m
56 Questions
26 Plays
26 Plays
26 Plays
Comments
Comments
Give Quiz Kudos
Give Quiz Kudos
-
- Ratings
hide this ad
Forced Order
Answers have to be entered in order
Answers have to be entered in order
Random Order
Randomize order of answers
Randomize order of answers
Replay
Link that replays current quiz
Next Quiz
Link to next quiz in quiz playlist
You Got
0%
They Got
Avg Score
88%
Avg Friend Score
Upgrade to see
Score Distribution
Jump to the score distribution portion of the page
Score
0/56
Timer
12:00
0
Plays Today
Traitor Game Character
% Correct
Donald
100%
Dirk Anger
100%
Rogue Watcher
96.2%
Dr. Evil
96.2%
Cobra Commander
96.2%
Beyonder
92.3%
Dr. Doom
92.3%
Dick Dastardly
92.3%
Muttley
92.3%
Vandal Savage
92.3%
Bob
92.3%
Karl
92.3%
Dormammu
92.3%
Umar
92.3%
Spanish Inquisition
92.3%
Jason Blood
92.3%
Darth Maul
92.3%
Rita Repulsa
92.3%
Monitor
88.5%
Darkwing Duck
88.5%
Rick Astley
88.5%
Duke Phillips
88.5%
Jay Sherman
88.5%
Guile
88.5%
M. Bison
88.5%
Jim
88.5%
Number 2
88.5%
Etrigan The Demon
88.5%
Traitor Game Character
% Correct
Fat Cat
88.5%
Don Karnage
88.5%
Talia Al Ghul
88.5%
Rugal Bernstein
88.5%
Mr. Fantastic
88.5%
Spectre
88.5%
Morgan Le Fay
88.5%
Elsa Bloodstone
88.5%
Chairman Takeshi Kaga
84.6%
Superman
84.6%
Jimmy Olsen
84.6%
Frank
84.6%
Van Damme
84.6%
Bandit Keith
84.6%
Eldozar Goenitz
84.6%
Booster Gold
84.6%
Blue Beetle
84.6%
Vision 4.7
84.6%
Hank Pym
84.6%
Cable
84.6%
Living Tribunal
84.6%
Phantom Stranger
84.6%
Tabitha Smith
84.6%
Grand Galactic Inquisitor
84.6%
Klarion
80.8%
Neron
80.8%
Mephisto
80.8%
Nightmare
80.8%
Quiz Playlist
Details
Report
Send in Message
Add To Playlist
Picture Box:
Type answers that correspond to images
Forced Order:
Answers have to be entered in order
Random Order:
Randomize order of answers
Last Updated: Dec 16, 2018
Quiz Scoreboard
CHALLENGE
Sign Up to Join the Scoreboard
Show All
Scores
Hide
Comments
May contain spoilers
Recently Published
Billboard Blitz: Fleetwood Mac
by CooCooCachoo
Music
15s
Presidents Visiting Landmarks
by Hejman
History
7m
An Introduction to Baseball
by treessimontrees
Sports
5m
More to Explore
Quiz From the Vault
Featured Blog Post
Where Did the Easter Bunny Come From?
hide this ad
You Might Also Like...
Tags
Board Games Quiz
Character
purple
skull
traitor
Today's Top Quizzes in Holiday
Browse Holiday
hide this ad
Today's Top Quizzes in Board Games
Browse Board Games
Top Contributed Quizzes in Holiday
1
5-to-1: Holiday Songs
2
5-to-1: Thanksgiving
3
Easter - Did You Know?
4
Word Ladder: Four Leaf Clover
5
Show What You Know: US Federal Holidays
6
Slices of Holidays
7
A 50/50 Shot: Christmas Edition
8
The Holiday Category, A to Z
9
Holidays Spelling Bee
10
3-per Word Ladder: Listen Up!
Explore More
Trending Topics
Harry Potter
Marvel
NBA
Crossword
Kpop
Disney
Anime
Song
Country
WWE
Puzzle
Pokémon
The Office
Soccer
NFL
hide this ad
Score Distribution
Quiz Creator Spotlight
thepurpleskull
Follow
Send a Message
Quizzes Created
-
Created Quiz Play Count
-
Popular Quizzes Today
1
Find the US States - No Outlines Minefield
2
Find the Countries of Europe - No Outlines Minefield
3
The Countries of the World
4
Find the US States
5
US States
6
Popular People in 1961
7
Risky Map Clicking: Biggest States A-Z
8
Movies - When Are They Set?
More Holiday Quizzes
Independence Day In Other Words
Quiz Lab
Trending Quizzes
Risky Map Clicking: Least Populous States A-Z
1-10 Letter G Words
1-10 Letter F Words
Risky Map Clicking: Next State Alphabetically
Risky Map Clicking: Biggest States A-Z
Recently Updated
Leaping Animals
pecheneg
Reality TV Shows (A-Z)
bhenderson79
Rickey Henderson's Hall of Fame Teammates
pecheneg
Champions League XIs: Arsenal
pecheneg
Quick Pick: Celebrities in WWE's Hall of Fame
aduchscher
A-Z Keypad Blitz II
pecheneg
Multiple Oscar Actors
pecheneg
Mystery Phrase Blitz: Oscar 'Best Actors'
pecheneg
F. Scott Fitzgerald Novels
LTH
Pick 3 Villains
ddd62291
Trending Topics
Disney
NBA
Crossword
Harry Potter
Anime
Marvel
Kpop
Song
Soccer
The Office
Puzzle
WWE
Country
Pokémon
NFL
Your Account Isn't Verified!
In order to create a playlist on Sporcle, you need to verify the email address you used during registration. Go to your
Sporcle Settings
to finish the process.
Report this User
Report this user for behavior that violates our
Community Guidelines
.
Details:
Send Report
Go to the Sporcle.com Mobile Site →
Comments